| 000 | 00382 a2200133 4500 | ||
|---|---|---|---|
| 001 | 91649 | ||
| 082 | _aPR 1616 | ||
| 090 |
_c43808 _d43807 |
||
| 100 | _aZeeshan Ahmed; Prof Sherzada Khan and Tauqeer, Advisors | ||
| 245 |
_aReplacement of MPDR-45 Receiver with a Special Purpose PC _n51 "B" EC |
||
| 260 |
_aRawalpindi _bNUST _c1999 |
||
| 300 | _a85p | ||
| 500 | _aBE Project Reports | ||
| 942 |
_aCAE NUST _kPR 1616 |
||
| 999 |
_c326722 _d326722 |
||